000
00286nam a22001217a 4500
008
181019b xxu||||| |||| 00| 0 eng d
041
_a
eng
080
_2
2nd
_a
617
100
_a
8
101
_a
ORT
245
_a
Manual of Acute Orthopaedic Therapeutics
_c
Iversen,L.D
942
_2
udc
_c
BK
999
_c
50218
_d
50218